LDR 01102naa#a2200229#i#450# 001 RU\\bibl\126638 005 20260703185005.5 011 ## _a2587-6740 100 ## _a20260615b2026####ek#y0rusy0150####ca 102 ## _aRU 200 1# _aКонцепция организации интеллектуального мониторинга зернового производства _eЖурнальная статья 210 1# _aМосква _cЭлектронная наука _d2026 215 ## _a4 с. 608 ## _aЖурнальная статья _2local 675 ## _aЭкономика сельского хозяйства. Продовольственный комплекс. 338.43 _z 700 #1 _aТкаченко _gВалентина Григорьевна 700 #1 _aЧеботарева _gЕлена Николаевна 700 #1 _aГришко _gНаталья Викторовна 700 #1 _aЛадыш _gИрина Алексеевна 700 #1 _aГригулецкий _gВладимир Георгиевич 700 #1 _aАриничев _gИгорь Владимирович 856 4# _aqje.su _u